Most Populous Cities (NZ) Quiz Stats

 Plays Quiz not verified by Sporcle

Challenge
Share
Tweet
Embed
Score 0/15 Timer 05:00
0 Plays Today
Population City % Correct
1.33 MillionAuckland
99.7%
386,000Wellington
99.7%
386,100Christchurch
99%
115,700Dunedin
88.2%
168,800Hamilton
81.9%
58,100Napier
71.4%
59,200Nelson
70.4%
48,300Invercargill
68.3%
Population City % Correct
118,200Tauranga
66.2%
80,700Palmerston North
66.2%
55,600Rotorua
63.8%
51,600New Plymouth
63.1%
65,100Hastings
56.4%
51,400Whangarei
55.4%
39,600Whanganui
37.3%

You're not logged in!

Compare scores with friends on all Sporcle quizzes.
Join for Free
OR
Log In

You Might Also Like...

Show Comments

Extras

Created Feb 13, 2010ReportNominate
Tags:City Quiz, Population Quiz

Top Quizzes Today


Score Distribution

Your Account Isn't Verified!

In order to create a playlist on Sporcle, you need to verify the email address you used during registration. Go to your Sporcle Settings to finish the process.

Report this User

Report this user for behavior that violates our Community Guidelines.

Details: